[Event "BCF-chT4S 1819 (4NCL)"]
[Site "England"]
[Date "2019.05.04"]
[Round "9.116"]
[White "Deacon, Nicholas"]
[Black "Finn, Elizabeth"]
[Result "0-1"]
[WhiteElo "1067"]
[BlackElo "1600"]
[PlyCount "78"]
[EventDate "2018.11.17"]
[EventType "team-swiss"]
[EventRounds "11"]
[EventCountry "ENG"]
[SourceTitle "EXT 2021"]
[Source "ChessBase"]
[SourceDate "2020.10.23"]
[SourceVersion "1"]
[SourceVersionDate "2020.10.23"]
[SourceQuality "1"]
[WhiteTeam "Wessex III"]
[BlackTeam "Sussex Martlets III"]
[WhiteTeamCountry "ENG"]
[BlackTeamCountry "ENG"]

1. d4 d5 2. c4 e6 3. Nc3 Nf6 4. Nf3 Nbd7 5. Bg5 Be7 6. e3 0-0 7. cxd5 exd5 8. Bd3 b6 9. Qc2 Bb7 10. 0-0 Rc8 11. Rac1 c5 12. dxc5 Rxc5 13. Qb1 Re8 14. Ne2 h6 15. Rxc5 Nxc5 16. Bb5 Rf8 17. Bf4 a6 18. Bd3 Re8 19. Ned4 Bd6 20. Bxd6 Qxd6 21. Nf5 Qd7 22. N3d4 Nfe4 23. f3 Nd2 24. Qd1 Nxf1 25. Kxf1 Ne6 26. Bb1 Qc7 27. Nxe6 Rxe6 28. Bd3 Qxh2 29. Nd4 Qh1+ 30. Ke2 Rxe3+ 31. Kd2 Rxd3+ 32. Ke2 Qxd1+ 33. Kf2 Qd2+ 34. Kf1 Re3 35. Kg1 Re1+ 36. Kh2 Qf4+ 37. g3 Qd2+ 38. Kh3 Rh1+ 39. Kg4 Qg5# 0-1

[Event "BCF-ch U11"]
[Site "Llandudno"]
[Date "2017.07.29"]
[Round "6"]
[White "Ali, Shahvez"]
[Black "Finn, Elizabeth"]
[Result "1/2-1/2"]
[WhiteElo "111"]
[BlackElo "102"]
[PlyCount "79"]
[EventDate "2017.07.28"]
[EventType "swiss"]
[EventRounds "7"]
[EventCountry "WLS"]
[SourceTitle "CBM 179 Extra"]
[Source "ChessBase"]
[SourceDate "2017.08.23"]
[SourceVersion "1"]
[SourceVersionDate "2017.08.23"]
[SourceQuality "1"]

1. e4 e5 2. Nf3 Nc6 3. Nc3 Nf6 4. Bc4 Bc5 5. d3 d6 6. h3 0-0 7. Bg5 Be6 8. Bd5 Kh8 9. 0-0 Qe7 10. a3 h6 11. Bh4 a6 12. Qc1 Nd4 13. Qd1 c6 14. Nxd4 Bxd4 15. Bxe6 fxe6 16. Rb1 Qc7 17. Ne2 Ba7 18. Bxf6 Rxf6 19. Ng3 Qb6 20. Qe2 Raf8 21. Nh1 Qc5 22. Kh2 b5 23. f3 Qb6 24. Qf2 Qc7 25. Qe2 Qf7 26. Nf2 Rg6 27. Qd2 Qf6 28. Ng4 Qe7 29. Nf2 Qh4 30. Nh1 Qf6 31. Rfe1 Qh4 32. Re2 Bb6 33. c3 Kh7 34. Rf1 Rg5 35. g4 Rxg4 36. fxg4 Rxf1 37. Ng3 Rf3 38. Rg2 Bf2 39. Qxf2 Rxf2 40. Rxf2 1/2-1/2